000 00324nam a2200121Ia 4500
008 191201s2012 xx 000 0 und d
100 _aYADAV, K.C.
245 0 _aHaryana Main Rashtriya Kavya Dhara 1857-1947
260 _aN. Delhi
_bHaryana Granth Academy
_c2012
300 _a534
650 _aGeneral Books
942 _2ddc
_cBK
999 _c6720
_d6720